La calidad de la educación superior a distancia en el ámbito euro-latinoamericano : (Registro nro. 31201)
[ vista simple ]
| 000 -CABECERA | |
|---|---|
| campo de control de longitud fija | 00801nam a2200181 a 4500 |
| 001 - NÚMERO DE CONTROL | |
| campo de control | 000031709 |
| 005 - FECHA Y HORA DE LA ÚLTIMA TRANSACCIÓN | |
| campo de control | 20200930063124.0 |
| 008 - DATOS DE LONGITUD FIJA--INFORMACIÓN GENERAL | |
| campo de control de longitud fija | 110630s2007 dr 000 0 spa d |
| 040 ## - FUENTE DE LA CATALOGACIÓN | |
| Centro catalogador/agencia de origen | DO-SdBNP |
| Lengua de catalogación | spa |
| Centro/agencia transcriptor | BNPHU |
| 082 ## - NÚMERO DE LA CLASIFICACIÓN DECIMAL DEWEY | |
| Número de clasificación | xxxx |
| Número de documento/Ítem | E56 |
| 049 ## - FONDOS LOCALES (OCLC) | |
| Fondos de biblioteca | BNPD |
| 111 2# - ENTRADA PRINCIPAL--NOMBRE DE CONGRESO/REUNIÓN | |
| Nombre de congreso/reunión o jurisdicción como elemento de entrada | Encuentro Iberoamericano de Educación Superior a Distancia de la AIESAD |
| Número del congreso/reunión o número de parte o sección | (12vo . : |
| Fecha del congreso/reunión | 2007, jun. 13-15 |
| Sede del congreso/Lugar de la reunión | Puerto Plata, República Dominicana) |
| 9 (RLIN) | 57975 |
| 245 13 - MENCIÓN DE TÍTULO | |
| Título | La calidad de la educación superior a distancia en el ámbito euro-latinoamericano : |
| Resto del título | perspectivas políticas y estrategias. |
| 260 ## - PUBLICACIÓN, DISTRIBUCIÓN, ETC. | |
| Lugar de publicación, distribución, etc. | Puerto Plata, República Dominicana : |
| Nombre del editor, distribuidor, etc. | AIESAD : |
| -- | UAPA, |
| Fecha de publicación, distribución, etc. | [2007?]. |
| 300 ## - DESCRIPCIÓN FÍSICA | |
| Extensión | [12 p.] ; |
| Dimensiones | 23 cm. |
| 710 2# - PUNTO DE ACCESO ADICIONAL--NOMBRE DE ENTIDAD CORPORATIVA | |
| Nombre de entidad corporativa o nombre de jurisdicción como elemento de entrada | Asociación Iberoamerica de Educación Superior a Distancia |
| 9 (RLIN) | 57976 |
| 710 2# - PUNTO DE ACCESO ADICIONAL--NOMBRE DE ENTIDAD CORPORATIVA | |
| Nombre de entidad corporativa o nombre de jurisdicción como elemento de entrada | Universidad Abierta para Adulto |
| 9 (RLIN) | 57977 |
| Estado de retiro | Estado de pérdida | No para préstamo | Código de colección | Localización permanente | Ubicación/localización actual | Ubicación en estantería | Fecha de adquisición | Número de inventario | Total de préstamos | Signatura topográfica completa | Código de barras | Fecha visto por última vez | Precio válido a partir de | Tipo de ítem Koha |
|---|---|---|---|---|---|---|---|---|---|---|---|---|---|---|
| Excluido de préstamo | Patrimonio Dominicano | Patrimonio Dominicano | Patrimonio Dominicano | En catalogación | 30.06.2011 | LF1 | xxxx E56 | 31709-10 | 25.06.2020 | 25.06.2020 | Libro y Folleto Colección Patrimonio Dominicano | |||
| Excluido de préstamo | Patrimonio Dominicano | Patrimonio Dominicano | Patrimonio Dominicano | En catalogación | 30.06.2011 | LF1 | xxxx E56 | 31709-20 | 25.06.2020 | 25.06.2020 | Libro y Folleto Colección Patrimonio Dominicano |
